| 000 | 01081cab a22002535a 4500 | ||
|---|---|---|---|
| 001 | L160066 | ||
| 008 | 180516e2018 xxk 000 0 eng d | ||
| 035 | _a(Sirsi) u160066 | ||
| 041 | 0 | _aeng | |
| 100 | 1 | _aFalk, Nicholas | |
| 245 | 0 | 0 |
_aCapital gains _bA better land assembly model for London _h[electronic resource] |
| 260 |
_a[S.L.] _b[s.n] _c2018 |
||
| 520 | _aLooks at improving the way land is made available for house building in London aimed at accelerating the delivery of new homes in the Capital. Outlines a range of models drawing on international best practice and proposes improvements which could be made in the short term as well as those requiring change to statutory framework. | ||
| 590 | _aNTK | ||
| 650 | 2 | 4 | _aLAND |
| 650 | 2 | 4 | _aHOUSE BUILDING |
| 650 | 2 | 4 | _aSOCIAL HOUSING |
| 651 | 4 | _aLondon | |
| 690 |
_aAffordable housing _96215 |
||
| 690 |
_aLand use _96251 |
||
| 710 |
_aUrbed _9544 |
||
| 856 | 4 | 0 |
_uhttps://www.london.gov.uk/sites/default/files/gla_capital_gains_report_.pdf _zView the item free of charge from the www.london.gov.uk |
| 942 | _n0 | ||
| 999 |
_c85171 _d85171 |
||